[Event "European Youth Chess Championship B14"]
[Site "Prague, Top Hotel Prague"]
[Date "2016.08.19"]
[Round "2.10"]
[White "Lisnyak, Vladislav"]
[Black "Pultorak, Jan"]
[Result "0-1"]
[WhiteElo "2075"]
[BlackElo "2296"]
[PlyCount "104"]
[EventDate "2016.08.18"]

1. e4 c5 2. Nf3 d6 3. d4 Nf6 4. Nc3 cxd4 5. Nxd4 a6 6. f4 e6 7. Bd3 b5 8. a3
Qc7 9. O-O Bb7 10. Qe2 Nbd7 11. Kh1 Be7 12. Bd2 Nc5 13. Rae1 Nxd3 14. cxd3 O-O
15. Rc1 Qd7 16. Nd1 Rfc8 17. Ne3 Rxc1 18. Rxc1 Rc8 19. Nb3 Rxc1+ 20. Bxc1 Bd8
21. Bd2 Bb6 22. Ba5 Ba7 23. Bc3 Ne8 24. Bd4 Bxd4 25. Nxd4 Nc7 26. Nb3 Ba8 27.
Nc2 Qc6 28. Ncd4 Qb6 29. Qe3 a5 30. Nc2 Qa6 31. Qd4 b4 32. axb4 a4 33. Nd2 h6
34. Na3 Qc6 35. Qc3 Qb6 36. d4 Bb7 37. h3 f5 38. Nac4 Qc6 39. Ne3 fxe4 40. Qxc6
Bxc6 41. Ndc4 Nb5 42. Nc2 Bd5 43. N4e3 Bb3 44. Kg1 Kf7 45. Kf2 d5 46. g4 Ke7
47. Kg2 Bxc2 48. Nxc2 Nd6 49. Ne3 Nc4 50. Nd1 Nxb2 51. Nc3 a3 52. Kf1 Nd3 0-1

[Event "European Youth Chess Championship B14"]
[Site "Prague, Top Hotel Prague"]
[Date "2016.08.19"]
[Round "2.11"]
[White "Salemgareev, Tagir"]
[Black "Dolansky, Lukas"]
[Result "1-0"]
[WhiteElo "2293"]
[BlackElo "2067"]
[PlyCount "51"]
[EventDate "2016.08.18"]

1. d4 d5 2. c4 e6 3. Nf3 Nf6 4. Nc3 Be7 5. Bg5 O-O 6. e3 h6 7. Bh4 b6 8. Rc1
Bb7 9. cxd5 Nxd5 10. Bxe7 Qxe7 11. Be2 Rc8 12. O-O c5 13. Qa4 a6 14. Nxd5 Bxd5
15. dxc5 Rxc5 16. e4 Bc6 17. Qd4 Nd7 18. b4 e5 19. Qe3 Rxc1 20. Rxc1 Qd6 21.
Nh4 g6 22. Qxh6 Bxe4 23. Nf3 Qxb4 24. Ng5 Nf6 25. Bc4 Rf8 26. Nxe4 1-0

[Event "European Youth Chess Championship B14"]
[Site "Prague, Top Hotel Prague"]
[Date "2016.08.19"]
[Round "2.12"]
[White "Petkov, Matey"]
[Black "Gavrilescu, David"]
[Result "0-1"]
[WhiteElo "2072"]
[BlackElo "2285"]
[PlyCount "102"]
[EventDate "2016.08.18"]

1. d4 e6 2. Nf3 c5 3. c3 Nc6 4. e4 d5 5. exd5 exd5 6. Be3 c4 7. b3 cxb3 8. axb3
Bd6 9. Be2 Nge7 10. O-O O-O 11. Na3 a6 12. Nc2 Ng6 13. Re1 Bf5 14. c4 Bc7 15.
c5 Re8 16. Bg5 Qd7 17. Ne3 Be4 18. Nf1 Bxf3 19. gxf3 Bf4 20. Bxf4 Nxf4 21. Ng3
h5 22. Qd2 Nh3+ 23. Kg2 h4 24. Nf1 Qf5 25. Ne3 Nf4+ 26. Kh1 Qf6 27. Bd1 Rad8
28. Ra4 Qh6 29. Rg1 Nh3 30. Rg2 Nxf2+ 31. Qxf2 Rxe3 32. Ra2 Nxd4 33. Ra4 h3 34.
Rg1 Nc6 35. Rh4 Qe6 36. Rxh3 Qxh3 37. Qxe3 Qf5 38. Be2 d4 39. Qh6 g6 40. Bc4
Qxf3+ 41. Rg2 Ne5 42. Be2 Qf6 43. Qg5 Kg7 44. Qg3 d3 45. Bd1 d2 46. Qe3 Nc6 47.
h3 Qd4 48. Qxd4+ Rxd4 49. Kg1 Nb4 50. Kf2 Nd5 51. Rg3 f5 0-1

[Event "European Youth Chess Championship B14"]
[Site "Prague, Top Hotel Prague"]
[Date "2016.08.19"]
[Round "2.13"]
[White "Guerra Rivera, Salvador"]
[Black "Georgakopoulos, Nikolaos K"]
[Result "1-0"]
[WhiteElo "2285"]
[BlackElo "2059"]
[PlyCount "123"]
[EventDate "2016.08.18"]

1. e4 c5 2. Nf3 Nc6 3. Nc3 Nf6 4. Bb5 Qc7 5. O-O Nd4 6. Re1 a6 7. Bc4 e6 8. e5
Ng4 9. Nxd4 cxd4 10. Qxg4 Qxc4 11. a4 h5 12. Qe4 Qc7 13. Qxd4 b6 14. d3 Bb7 15.
Be3 Bc5 16. Qc4 Qc6 17. Ne4 d5 18. exd6 Bxe3 19. Rxe3 Qxc4 20. dxc4 Rc8 21. b3
Rh6 22. f3 Kd7 23. Rd3 Rg6 24. c3 e5 25. Re1 Bxe4 26. fxe4 Rxd6 27. Rxd6+ Kxd6
28. Rd1+ Ke6 29. Rd5 a5 30. Kf2 g6 31. Rb5 Rc6 32. Ke3 f5 33. g3 Rd6 34. h4 Rc6
35. c5 bxc5 36. c4 Ra6 37. Rxc5 Rb6 38. Rb5 Rxb5 39. cxb5 Kd6 40. Kd3 Kd7 41.
Kc4 Kd6 42. b4 axb4 43. Kxb4 f4 44. gxf4 exf4 45. Kc4 g5 46. hxg5 h4 47. g6 f3
48. Kd3 h3 49. g7 h2 50. g8=Q h1=Q 51. Qg3+ Ke6 52. Ke3 Qc1+ 53. Kxf3 Qa3+ 54.
Kf4 Qxa4 55. Qg6+ Ke7 56. Qg7+ Kd8 57. b6 Qb4 58. Qc7+ Ke8 59. b7 Qd2+ 60. Kf5
Qf2+ 61. Qf4 Qc5+ 62. Qe5+ 1-0

[Event "European Youth Chess Championship B14"]
[Site "Prague, Top Hotel Prague"]
[Date "2016.08.19"]
[Round "2.14"]
[White "Karayev, Kanan"]
[Black "Bango, Lukas"]
[Result "1-0"]
[WhiteElo "2275"]
[BlackElo "2058"]
[PlyCount "75"]
[EventDate "2016.08.18"]

1. e4 d6 2. d4 Nf6 3. Nc3 g6 4. g3 Bg7 5. Bg2 O-O 6. Nge2 e5 7. h3 c6 8. a4
Nbd7 9. O-O Re8 10. a5 exd4 11. Nxd4 Nc5 12. Re1 Qc7 13. b4 Ne6 14. Bb2 Nxd4
15. Qxd4 Be6 16. Qd2 Rad8 17. Rad1 b6 18. b5 cxb5 19. Nxb5 Qc5 20. Nd4 Bc8 21.
Nb3 Qc7 22. axb6 axb6 23. Ba3 d5 24. exd5 Rxe1+ 25. Rxe1 Nxd5 26. Bxd5 Bc3 27.
Qe3 Bxe1 28. Qxe1 Rxd5 29. Qe8+ Kg7 30. Be7 Rd1+ 31. Kh2 Kh6 32. Qf8+ Kh5 33.
Qxf7 Bxh3 34. Qxh7+ Kg4 35. Qxh3+ Kf3 36. Qg2+ Ke2 37. f3+ Ke1 38. Bb4+ 1-0

[Event "European Youth Chess Championship B14"]
[Site "Prague, Top Hotel Prague"]
[Date "2016.08.19"]
[Round "2.15"]
[White "Suvorov, Alexander"]
[Black "Olsen, Filip Boe"]
[Result "1/2-1/2"]
[WhiteElo "2059"]
[BlackElo "2260"]
[PlyCount "87"]
[EventDate "2016.08.18"]

1. d4 d5 2. c4 c6 3. Nf3 Nf6 4. e3 e6 5. b3 Nbd7 6. Bb2 Bd6 7. Nbd2 b6 8. Bd3
Bb7 9. O-O O-O 10. Ne5 c5 11. cxd5 Bxd5 12. Nxd7 Nxd7 13. e4 Bb7 14. e5 Bc7 15.
Nf3 cxd4 16. Bxd4 Bxf3 17. Qxf3 Qh4 18. Qe3 Rad8 19. Rad1 g6 20. f4 Nc5 21. Be2
Qe7 22. Kh1 Nb7 23. Rd2 Na5 24. Bf3 Qe8 25. Rc1 Qe7 26. Qc3 Bb8 27. b4 Nb7 28.
a3 Rd7 29. Qe3 Rfd8 30. Bc6 Rc7 31. Rdc2 h5 32. g3 Rf8 33. Kg2 Rfc8 34. Qf2 Kg7
35. Kh3 Nd8 36. Be4 Rxc2 37. Rxc2 Qd7 38. Be3 Nc6 39. Rd2 Qe8 40. Rc2 Ne7 41.
Kg2 Qd7 42. Qe2 Nd5 43. Rxc8 Nxe3+ 44. Qxe3 1/2-1/2

[Event "European Youth Chess Championship B14"]
[Site "Prague, Top Hotel Prague"]
[Date "2016.08.19"]
[Round "2.16"]
[White "Kopylov, Daniel"]
[Black "Teclaf, Pawel"]
[Result "1/2-1/2"]
[WhiteElo "2050"]
[BlackElo "2247"]
[PlyCount "106"]
[EventDate "2016.08.18"]

1. e4 c5 2. Nf3 d6 3. d4 cxd4 4. Nxd4 Nf6 5. Nc3 a6 6. Be2 e6 7. O-O Be7 8. Be3
O-O 9. f4 Nc6 10. Kh1 Qc7 11. Qe1 Na5 12. Qg3 Nc4 13. Bc1 b5 14. e5 Ne8 15. Nf3
Bb7 16. Bd3 g6 17. Ne4 Ng7 18. Nf6+ Bxf6 19. exf6 Nh5 20. Qg5 Qd8 21. b3 Nb6
22. Bb2 Nd7 23. Qh6 Bxf3 24. Rxf3 Ndxf6 25. Qg5 e5 26. fxe5 h6 27. Qh4 dxe5 28.
Bxe5 Nd7 29. Qxd8 Raxd8 30. Bd6 Rfe8 31. Raf1 Re6 32. Bc7 Rc8 33. g4 Rxc7 34.
gxh5 Ne5 35. Rf6 Nxd3 36. cxd3 Rxf6 37. Rxf6 Rc1+ 38. Kg2 Rc2+ 39. Kg3 Rxa2 40.
hxg6 fxg6 41. Rxg6+ Kh7 42. Rd6 b4 43. d4 a5 44. Ra6 Rd2 45. Rxa5 Rxd4 46. Rf5
Kg6 47. Rf4 Rd3+ 48. Rf3 Rxf3+ 49. Kxf3 Kf5 50. Ke3 Kg4 51. Kd4 h5 52. Kc4 h4
53. Kxb4 Kh3 1/2-1/2

[Event "European Youth Chess Championship B14"]
[Site "Prague, Top Hotel Prague"]
[Date "2016.08.19"]
[Round "2.17"]
[White "Vodila, Martin Botond"]
[Black "Sahidi, Samir"]
[Result "0-1"]
[WhiteElo "2047"]
[BlackElo "2225"]
[PlyCount "66"]
[EventDate "2016.08.18"]

1. e4 c5 2. Nf3 d6 3. d4 cxd4 4. Nxd4 Nf6 5. Nc3 e5 6. Nb3 Be6 7. Be2 Be7 8.
O-O O-O 9. f4 exf4 10. Bxf4 Nc6 11. Bf3 Rc8 12. Nd5 Ne5 13. Kh1 Bxd5 14. exd5
Nfd7 15. Nd4 Bg5 16. Bg3 Nc4 17. Nf5 Nde5 18. b3 Nd2 19. Rf2 Ndxf3 20. gxf3 Bf6
21. c4 Qd7 22. Nd4 Rfe8 23. Rc1 h5 24. Rg2 Ng6 25. Qd2 a6 26. a4 h4 27. Bf2 Qh3
28. f4 Bxd4 29. Bxd4 Qf5 30. Re1 Re4 31. Rf1 Rce8 32. Rg5 Qh3 33. Rg2 Re2 0-1

[Event "European Youth Chess Championship B14"]
[Site "Prague, Top Hotel Prague"]
[Date "2016.08.19"]
[Round "2.18"]
[White "Petriashvili, Nikoloz"]
[Black "Kamer, Kayra"]
[Result "1/2-1/2"]
[WhiteElo "2198"]
[BlackElo "2041"]
[PlyCount "86"]
[EventDate "2016.08.18"]

1. Nf3 Nf6 2. g3 b5 3. Bg2 Bb7 4. O-O e6 5. b3 Be7 6. c4 b4 7. a3 a5 8. Bb2 c5
9. d4 cxd4 10. Nxd4 Bxg2 11. Kxg2 Nc6 12. axb4 axb4 13. Nd2 Nxd4 14. Bxd4 O-O
15. e4 d5 16. cxd5 exd5 17. e5 Ne4 18. Qe2 Nxd2 19. Qxd2 Ra3 20. Qd3 Qd7 21.
Bb2 Rxa1 22. Rxa1 Bc5 23. Bd4 Bxd4 24. Qxd4 Qc6 25. Ra5 Rd8 26. Rc5 Qb7 27. h4
h6 28. Rc2 Ra8 29. Rc5 Ra3 30. Qxd5 Qxd5+ 31. Rxd5 Rxb3 32. Rd8+ Kh7 33. h5 Rc3
34. Rb8 b3 35. f4 Rc2+ 36. Kf3 b2 37. Kg4 Rg2 38. f5 Rf2 39. e6 fxe6 40. fxe6
Re2 41. e7 Re6 42. Rxb2 Rxe7 43. Rb6 Re5 1/2-1/2

[Event "European Youth Chess Championship B14"]
[Site "Prague, Top Hotel Prague"]
[Date "2016.08.19"]
[Round "2.19"]
[White "Fus, Jakub"]
[Black "Mnatsakanian, Arsen"]
[Result "1/2-1/2"]
[WhiteElo "2044"]
[BlackElo "2195"]
[PlyCount "78"]
[EventDate "2016.08.18"]

1. d4 Nf6 2. c4 d6 3. Nc3 Nbd7 4. e4 e5 5. d5 g6 6. f3 Bg7 7. Be3 a5 8. Qd2 O-O
9. O-O-O Nc5 10. Nge2 Ne8 11. h3 f5 12. exf5 Bxf5 13. Ng3 Nf6 14. Nxf5 gxf5 15.
Qc2 Nh5 16. g4 Ng3 17. Rg1 Nxf1 18. Rdxf1 Qf6 19. Rf2 fxg4 20. hxg4 Qg6 21.
Qxg6 hxg6 22. Bxc5 dxc5 23. Ne4 b6 24. Rh1 Rf4 25. Kd2 b5 26. b3 bxc4 27. bxc4
Rb8 28. Kc3 Rb4 29. Rc1 a4 30. Rh2 Bf8 31. Rcc2 Bg7 32. Rhf2 Bf8 33. Kd3 Rb1
34. Kc3 Be7 35. Kd2 a3 36. Rc1 Rb2+ 37. Rc2 Rb1 38. Rc1 Rb2+ 39. Rc2 Rb1
1/2-1/2

[Event "European Youth Chess Championship B14"]
[Site "Prague, Top Hotel Prague"]
[Date "2016.08.19"]
[Round "2.20"]
[White "Vestby-Ellingsen, Mads"]
[Black "Jazdanovs, Aleksandrs"]
[Result "1/2-1/2"]
[WhiteElo "2184"]
[BlackElo "2040"]
[PlyCount "65"]
[EventDate "2016.08.18"]

1. e4 c6 2. d4 d5 3. Nd2 dxe4 4. Nxe4 Bf5 5. Nc5 b6 6. Nb3 e6 7. Nf3 Bd6 8. g3
Nf6 9. Bg2 Qc7 10. O-O O-O 11. c4 Nbd7 12. Be3 Rad8 13. Qe2 c5 14. Rfd1 Be4 15.
Rd2 e5 16. dxe5 Nxe5 17. Rad1 Nxf3+ 18. Bxf3 Qc6 19. Bxe4 Nxe4 20. Qf3 f5 21.
Rd5 g6 22. Nd2 Rde8 23. Bh6 Rf6 24. Nxe4 Rxe4 25. Qc3 Be7 26. Rd6 Re1+ 27. Rxe1
Qxd6 28. Bf4 Qd7 29. Qe5 Kf7 30. Bg5 Re6 31. Qxe6+ Qxe6 32. Rxe6 Kxe6 33. Bxe7
1/2-1/2

[Event "European Youth Chess Championship B14"]
[Site "Prague, Top Hotel Prague"]
[Date "2016.08.19"]
[Round "2.21"]
[White "Mis, Mieszko"]
[Black "De, Boer Eelke"]
[Result "1-0"]
[WhiteElo "2041"]
[BlackElo "2183"]
[PlyCount "101"]
[EventDate "2016.08.18"]

1. c4 Nf6 2. Nc3 g6 3. g3 Bg7 4. Bg2 O-O 5. Nf3 d6 6. O-O e5 7. d4 Nc6 8. dxe5
dxe5 9. Bg5 Be6 10. Qa4 h6 11. Rfd1 Qe8 12. Be3 Nd7 13. Nd5 Nb6 14. Qc2 Nxd5
15. cxd5 Nb4 16. Qc1 Nxd5 17. Bxh6 e4 18. Bxg7 Kxg7 19. Ng5 f5 20. f3 exf3 21.
exf3 Bg8 22. f4 c6 23. Qc5 Rd8 24. Re1 Qd7 25. Rad1 Qd6 26. Qxa7 Rd7 27. Bxd5
cxd5 28. Qd4+ Rf6 29. Re2 Qb6 30. Ne6+ Qxe6 31. Rxe6 Bxe6 32. Rc1 Bf7 33. Rc8
Re7 34. Qb4 Rfe6 35. Qc3+ Rf6 36. h3 Re4 37. Qc5 Bg8 38. Qc7+ Rf7 39. Qd8 Bh7
40. Rc7 Bg8 41. h4 Rxc7 42. Qxc7+ Kh6 43. Qc8 Bh7 44. Qf8+ Kh5 45. Qf7 Kg4 46.
Qxh7 Kf3 47. Qxg6 Re1+ 48. Kh2 Re2+ 49. Kh3 Re1 50. Qh5+ Kf2 51. Qxf5 1-0

[Event "European Youth Chess Championship B14"]
[Site "Prague, Top Hotel Prague"]
[Date "2016.08.19"]
[Round "2.22"]
[White "Zimmer, Raphael"]
[Black "Mladek, Richard"]
[Result "0-1"]
[WhiteElo "2180"]
[BlackElo "2015"]
[PlyCount "102"]
[EventDate "2016.08.18"]

1. e4 c5 2. Nf3 Nc6 3. d4 cxd4 4. Nxd4 g6 5. c4 Bg7 6. Nc2 Nf6 7. Be2 O-O 8.
O-O d6 9. Nc3 Be6 10. Bd2 a6 11. b3 Rb8 12. Rc1 Qd7 13. f3 Rfc8 14. a4 Qd8 15.
Kh1 Nd7 16. Ne3 Nc5 17. Rb1 a5 18. Nb5 Bd7 19. Nd5 Ra8 20. Be3 Nb4 21. Ndc3 Bc6
22. Qd2 Be5 23. Bd1 Qf8 24. Bc2 Nxc2 25. Qxc2 f5 26. Rbe1 Qf6 27. Nd5 Qh4 28.
f4 Nxe4 29. Nxe7+ Qxe7 30. fxe5 dxe5 31. Nc3 Rd8 32. Nxe4 Bxe4 33. Qc1 Rd3 34.
Bg5 Qc5 35. Qb2 Ra6 36. Qa2 Qd4 37. Bh6 g5 38. Bxg5 Rg6 39. Bc1 Rxg2 40. Qxg2+
Bxg2+ 41. Kxg2 Rxb3 42. Kh1 f4 43. Rd1 Qe4+ 44. Kg1 Rd3 45. Rde1 Qd4+ 46. Kh1
Kf7 47. Kg2 Kf6 48. Rf2 Rb3 49. Ree2 Qxc4 50. Bb2 Qxe2 51. Rxe2 f3+ 0-1

[Event "European Youth Chess Championship B14"]
[Site "Prague, Top Hotel Prague"]
[Date "2016.08.19"]
[Round "2.23"]
[White "Stinka, Jakub"]
[Black "Martinovici, Ilie"]
[Result "0-1"]
[WhiteElo "2034"]
[BlackElo "2170"]
[PlyCount "58"]
[EventDate "2016.08.18"]

1. e4 c5 2. Nf3 d6 3. d4 cxd4 4. Nxd4 Nf6 5. Nc3 a6 6. f3 e5 7. Nb3 Be6 8. Be3
Be7 9. Qd2 h5 10. O-O-O Nbd7 11. h4 Rc8 12. Kb1 Qc7 13. Qf2 b5 14. g3 Bd8 15.
Bxb5 axb5 16. Nxb5 Qb8 17. Nxd6+ Kf8 18. Nxc8 Qxc8 19. Nc5 Nxc5 20. Bxc5+ Kg8
21. Rd2 Kh7 22. Rhd1 Ba5 23. c3 Qb7 24. Qe3 Ra8 25. Rc2 Nd7 26. c4 Rc8 27. Ba3
Nb6 28. c5 Nc4 29. Qd3 Rd8 0-1

[Event "European Youth Chess Championship B14"]
[Site "Prague, Top Hotel Prague"]
[Date "2016.08.19"]
[Round "2.24"]
[White "Globus, Or"]
[Black "Kuznecovs, Nikita"]
[Result "1-0"]
[WhiteElo "2165"]
[BlackElo "1809"]
[PlyCount "93"]
[EventDate "2016.08.18"]

1. d4 Nf6 2. Nf3 e6 3. c4 c5 4. d5 b5 5. cxb5 exd5 6. e3 Bb7 7. Nc3 Be7 8. Be2
O-O 9. O-O d6 10. b3 Nbd7 11. Bb2 Re8 12. Qc2 Bf8 13. Rfd1 Rc8 14. a4 g6 15. a5
Bg7 16. a6 Ba8 17. Rac1 Qe7 18. Qb1 Bh6 19. Rc2 Bxe3 20. fxe3 Qxe3+ 21. Kh1 d4
22. Rd3 Qe7 23. Nxd4 cxd4 24. Rxd4 Ne4 25. Bc4 Qh4 26. Nd5 Bxd5 27. Rxd5 Nf2+
28. Rxf2 Qxf2 29. Rd1 Rxc4 30. Rf1 Qxf1+ 31. Qxf1 Rf4 32. Qd1 Nc5 33. h3 Ne4
34. Qd5 h5 35. Kh2 h4 36. Qc6 Kf8 37. Bc1 Rf5 38. Bh6+ Ke7 39. Qxe4+ Kd7 40.
Qc6+ Ke7 41. Qc7+ Ke6 42. Qxa7 Rf1 43. Qe3+ Kd7 44. Qxe8+ Kxe8 45. a7 Ra1 46.
b6 Kd7 47. b7 1-0

[Event "European Youth Chess Championship B14"]
[Site "Prague, Top Hotel Prague"]
[Date "2016.08.19"]
[Round "2.25"]
[White "Kirilov, Ivaylo"]
[Black "Pribelszky, Bence"]
[Result "1/2-1/2"]
[WhiteElo "1911"]
[BlackElo "2161"]
[PlyCount "78"]
[EventDate "2016.08.18"]

1. e4 c5 2. Nf3 e6 3. d4 cxd4 4. Nxd4 Nc6 5. Nc3 Qc7 6. Ndb5 Qb8 7. Be3 a6 8.
Nd4 Qc7 9. g3 Nf6 10. Bg2 Be7 11. O-O O-O 12. Nb3 Ne5 13. h3 Nc4 14. Bc1 d6 15.
Nd2 Rb8 16. Nxc4 Qxc4 17. Qd3 Qc7 18. Be3 b5 19. f4 b4 20. Ne2 Bb7 21. g4 d5
22. e5 Nd7 23. Bd4 Rfc8 24. c3 bxc3 25. bxc3 Bc6 26. Qe3 Nb6 27. f5 Nc4 28. Qf4
Ba3 29. Ng3 Rb7 30. Nh5 Rd8 31. Rf2 Nb2 32. Bf1 Bb5 33. Bxb5 Rxb5 34. Rf3 Nc4
35. Raf1 Na5 36. Qg3 Nc6 37. Qf2 Nxd4 38. cxd4 Qa5 39. fxe6 fxe6 1/2-1/2

[Event "European Youth Chess Championship B14"]
[Site "Prague, Top Hotel Prague"]
[Date "2016.08.19"]
[Round "2.26"]
[White "Dobrin, Ionut-Alexandru"]
[Black "Stefansson, Vignir Vatnar"]
[Result "1/2-1/2"]
[WhiteElo "1829"]
[BlackElo "2160"]
[PlyCount "70"]
[EventDate "2016.08.18"]

1. d4 c5 2. d5 f5 3. c4 Nf6 4. Nc3 g6 5. Nf3 d6 6. g3 Bg7 7. Bg2 Na6 8. O-O O-O
9. a3 Nc7 10. Nd2 a6 11. a4 Rb8 12. a5 b6 13. axb6 Rxb6 14. Qc2 Nh5 15. e4 f4
16. Nf3 e5 17. dxe6 Bxe6 18. Nd5 Nxd5 19. cxd5 Bg4 20. Rb1 Qf6 21. b3 Qc3 22.
Qxc3 Bxc3 23. Bd2 Bg7 24. Ba5 Rb5 25. Bc7 Bxf3 26. Bxf3 Be5 27. Be2 Rb4 28. Bc4
Nf6 29. Rfe1 Re8 30. gxf4 Bxf4 31. f3 g5 32. Ba5 Rbb8 33. Bc3 Nd7 34. Bxa6 Ne5
35. Bxe5 Bxe5 1/2-1/2

[Event "European Youth Chess Championship B14"]
[Site "Prague, Top Hotel Prague"]
[Date "2016.08.19"]
[Round "2.27"]
[White "Vlachos, Anatole"]
[Black "Pravda, Krystof"]
[Result "1-0"]
[WhiteElo "2160"]
[BlackElo "1682"]
[PlyCount "35"]
[EventDate "2016.08.18"]

1. e4 e5 2. Nf3 Nc6 3. Bc4 Nf6 4. d4 exd4 5. e5 Ng4 6. Bxf7+ Kxf7 7. Ng5+ Kg8
8. Qxg4 d6 9. Qf3 Be6 10. Nxe6 Qe7 11. Qb3 d5 12. Qxd5 Nb4 13. Qc4 b5 14. Qb3
Nxc2+ 15. Qxc2 Qxe6 16. O-O c5 17. a4 b4 18. Nd2 1-0

[Event "European Youth Chess Championship B14"]
[Site "Prague, Top Hotel Prague"]
[Date "2016.08.19"]
[Round "2.28"]
[White "Kalavannan, Koby"]
[Black "Loukopoulos, Panagiotis-Athana"]
[Result "1-0"]
[WhiteElo "2146"]
[BlackElo "1663"]
[PlyCount "73"]
[EventDate "2016.08.18"]

1. d4 d5 2. Nf3 Nf6 3. c4 e6 4. g3 Bb4+ 5. Bd2 Be7 6. Bg2 O-O 7. O-O Nbd7 8.
Qc2 Ne4 9. Bf4 c6 10. Nc3 g5 11. Bc1 f5 12. b3 Bf6 13. Bb2 b6 14. Rad1 Ba6 15.
Nxe4 dxe4 16. Ne5 Qc7 17. Nxd7 Qxd7 18. f3 exf3 19. Bxf3 Bb7 20. e4 Rad8 21. e5
Bg7 22. Ba3 c5 23. dxc5 Qe7 24. Bxb7 Rxd1 25. Qxd1 Qxb7 26. Qd6 Qe4 27. Qxe6+
Kh8 28. Qd5 Qe3+ 29. Kg2 f4 30. Qf3 Qxe5 31. cxb6 g4 32. Qxg4 f3+ 33. Kh1 Qe2
34. Qh3 Re8 35. g4 Qxa2 36. Bd6 f2 37. b7 1-0

[Event "European Youth Chess Championship B14"]
[Site "Prague, Top Hotel Prague"]
[Date "2016.08.19"]
[Round "2.29"]
[White "Kramich, Aliaksei"]
[Black "Amon, Nejc"]
[Result "0-1"]
[WhiteElo "1629"]
[BlackElo "2138"]
[PlyCount "62"]
[EventDate "2016.08.18"]

1. e4 c5 2. Nf3 d6 3. d4 cxd4 4. c3 Nf6 5. Bd3 dxc3 6. Nxc3 g6 7. O-O Bg7 8.
Qe2 O-O 9. Rd1 Qa5 10. Bd2 Qh5 11. Bg5 Bg4 12. Bxf6 Bxf6 13. Nd5 Nd7 14. Qe3
Bxf3 15. Nxf6+ Nxf6 16. gxf3 Rac8 17. b4 Qh3 18. Bf1 Qh5 19. Be2 a6 20. Rac1
Qe5 21. Rxc8 Rxc8 22. Qb6 Rc2 23. Bf1 Qg5+ 24. Kh1 Qh5 25. Bg2 Nxe4 26. Rf1 Nd2
27. Rd1 Nxf3 28. h3 Nh4 29. Rd5 Rc1+ 30. Kh2 Nf3+ 31. Kg3 Qxd5 0-1

[Event "European Youth Chess Championship B14"]
[Site "Prague, Top Hotel Prague"]
[Date "2016.08.19"]
[Round "2.31"]
[White "Sonis, Francesco"]
[Black "Orfini, Nicolo`"]
[Result "1-0"]
[WhiteElo "2427"]
[BlackElo "1996"]
[PlyCount "43"]
[EventDate "2016.08.18"]

1. d4 Nf6 2. c4 g6 3. Nc3 Bg7 4. e4 d6 5. h3 Nbd7 6. Nf3 e5 7. d5 O-O 8. Bd3 a5
9. Bg5 Nc5 10. Bc2 Bd7 11. Qd2 Qe8 12. g4 a4 13. Bh4 Ra6 14. Rb1 Rb6 15. b4
axb3 16. axb3 Ra6 17. b4 Na4 18. Bxa4 Bxa4 19. b5 Ra8 20. Rb4 Bxb5 21. cxb5
Ra1+ 22. Nd1 1-0

[Event "European Youth Chess Championship B14"]
[Site "Prague, Top Hotel Prague"]
[Date "2016.08.19"]
[Round "2.32"]
[White "Kozak, Adam"]
[Black "Bulockin, Martin"]
[Result "1-0"]
[WhiteElo "2376"]
[BlackElo "2010"]
[PlyCount "71"]
[EventDate "2016.08.18"]

1. d4 Nf6 2. c4 g6 3. Nc3 d5 4. cxd5 Nxd5 5. e4 Nxc3 6. bxc3 Bg7 7. Qa4+ Nc6 8.
Nf3 O-O 9. Be2 Bd7 10. Qa3 e6 11. Rb1 b6 12. Bg5 f6 13. Be3 Na5 14. c4 e5 15.
dxe5 fxe5 16. c5 Qe7 17. Qc3 Rfb8 18. O-O Bc6 19. Nd2 Bd7 20. Rfc1 Be6 21. Nb3
Nxb3 22. axb3 Qh4 23. Ra1 Rd8 24. Bc4 Qe7 25. Bb5 Bd7 26. Ba6 Bc8 27. cxb6 axb6
28. Bc4+ Be6 29. Bxe6+ Qxe6 30. Rxa8 Rxa8 31. Qxc7 Qxb3 32. Bxb6 Bh6 33. Rf1
Re8 34. Qc6 Qe6 35. Qb7 Rf8 36. Qa7 1-0

[Event "European Youth Chess Championship B14"]
[Site "Prague, Top Hotel Prague"]
[Date "2016.08.19"]
[Round "2.33"]
[White "Davtyan, Artur"]
[Black "Huynh, Laurent"]
[Result "1-0"]
[WhiteElo "2304"]
[BlackElo "1934"]
[PlyCount "93"]
[EventDate "2016.08.18"]

1. d4 d5 2. c4 e6 3. Nc3 f5 4. Nf3 Nf6 5. g3 c6 6. Bg2 Bd6 7. O-O O-O 8. Qc2
Ne4 9. Bf4 Bxf4 10. gxf4 Nd7 11. Rad1 Qe7 12. a3 Rb8 13. e3 Nxc3 14. Qxc3 b6
15. cxd5 cxd5 16. Qd3 Bb7 17. Rc1 Rfc8 18. Rfe1 Qd6 19. Qd2 Ba6 20. Bf1 Bxf1
21. Rxf1 b5 22. Rxc8+ Rxc8 23. Rc1 Qa6 24. Kg2 Nb6 25. Rxc8+ Nxc8 26. Qc3 Qb7
27. Qc5 a6 28. Ne5 g6 29. h4 Kg7 30. b3 Kg8 31. Kf1 Kg7 32. Ke1 Kg8 33. Kd2 Kg7
34. Kc3 a5 35. Nc6 Qc7 36. Kc2 Nd6 37. f3 Kh6 38. Ne5 Qxc5+ 39. dxc5 Ne8 40. a4
bxa4 41. bxa4 Kh5 42. Kd2 Kxh4 43. Ke2 g5 44. Nc6 gxf4 45. exf4 h5 46. Kf2 Nc7
47. Nxa5 1-0

[Event "European Youth Chess Championship B14"]
[Site "Prague, Top Hotel Prague"]
[Date "2016.08.19"]
[Round "2.34"]
[White "Shubin, Kirill"]
[Black "Golding, Alex"]
[Result "1/2-1/2"]
[WhiteElo "2298"]
[BlackElo "1958"]
[PlyCount "123"]
[EventDate "2016.08.18"]

1. e4 e5 2. Nf3 Nc6 3. Bb5 a6 4. Ba4 Nf6 5. d3 b5 6. Bb3 Bc5 7. c3 d6 8. O-O
O-O 9. a4 Rb8 10. axb5 axb5 11. Bg5 h6 12. Be3 Bb6 13. Na3 Ne7 14. Bxb6 Rxb6
15. Nc2 Ng6 16. Ne3 Nf4 17. Ra8 Ra6 18. Rxa6 Bxa6 19. g3 Nh3+ 20. Kg2 Bc8 21.
Nh4 Ng5 22. Nef5 Ne6 23. Ne3 Nc5 24. Ba2 Bb7 25. Nd5 Nxd5 26. Bxd5 Bxd5 27.
exd5 Qg5 28. b4 Na4 29. c4 Nb6 30. Qe2 Ra8 31. cxb5 Nxd5 32. Qe4 Nb6 33. Qc6
Qd8 34. Rc1 Ra7 35. Nf5 Kf8 36. Qe4 g6 37. Ne3 f5 38. Qf3 Qe8 39. Nd5 e4 40.
dxe4 Nxd5 41. exd5 Qe5 42. Qd3 g5 43. Rc2 Qe4+ 44. Qxe4 fxe4 45. b6 cxb6 46.
Rc6 Ke7 47. Rxb6 Ra2 48. Kf1 Rd2 49. Rb7+ Kf6 50. Rh7 Kg6 51. Re7 Kf5 52. Re6
Rxd5 53. Rxh6 Rd4 54. b5 d5 55. b6 Rb4 56. h4 gxh4 57. gxh4 d4 58. h5 d3 59.
Ke1 Rb1+ 60. Kd2 Rb2+ 61. Ke1 Rb1+ 62. Kd2 1/2-1/2

[Event "European Youth Chess Championship B14"]
[Site "Prague, Top Hotel Prague"]
[Date "2016.08.19"]
[Round "2.35"]
[White "Travadon, Loic"]
[Black "Slobodiansky, Steven"]
[Result "1/2-1/2"]
[WhiteElo "2258"]
[BlackElo "1891"]
[PlyCount "64"]
[EventDate "2016.08.18"]

1. d4 Nf6 2. c4 g6 3. Nc3 Bg7 4. e4 d6 5. h3 O-O 6. Bg5 c5 7. d5 Bd7 8. Nf3 a6
9. a4 Ne8 10. Bd3 f5 11. exf5 Bxf5 12. O-O Nd7 13. Qe2 Bxd3 14. Qxd3 Ne5 15.
Nxe5 Bxe5 16. f4 Bd4+ 17. Kh2 Ng7 18. Rae1 Bf6 19. Bxf6 exf6 20. g4 f5 21. g5
Re8 22. Kg3 Qd7 23. Qd1 Rxe1 24. Rxe1 Re8 25. Kf3 Rxe1 26. Qxe1 Qe8 27. Qxe8+
Nxe8 28. a5 Kf7 29. Ke3 Ke7 30. Kf3 Kd7 31. Ke2 Nc7 32. h4 Ke7 1/2-1/2

[Event "European Youth Chess Championship B14"]
[Site "Prague, Top Hotel Prague"]
[Date "2016.08.19"]
[Round "2.36"]
[White "Kaasen, Tor Fredrik"]
[Black "Sjoberg, Isak"]
[Result "1-0"]
[WhiteElo "2229"]
[BlackElo "1893"]
[PlyCount "79"]
[EventDate "2016.08.18"]

1. d4 Nf6 2. c4 g6 3. Nc3 Bg7 4. e4 d6 5. Nf3 O-O 6. Be2 e5 7. O-O Nc6 8. d5
Ne7 9. Ne1 Nd7 10. Be3 f5 11. f3 f4 12. Bf2 g5 13. Rc1 Rf6 14. Nd3 Rh6 15. c5
Qe8 16. Nb5 Qh5 17. h4 gxh4 18. Kh2 Rg6 19. Nxc7 h3 20. g4 fxg3+ 21. Bxg3 Rxg3
22. Kxg3 Qg5+ 23. Kf2 Qh4+ 24. Ke3 Bh6+ 25. f4 exf4+ 26. Kd4 f3 27. Rxf3 Bg7+
28. Ke3 Bh6+ 29. Nf4 Ng6 30. Nxa8 Bxf4+ 31. Rxf4 Qxf4+ 32. Kd3 Nde5+ 33. Kd4
Qf2+ 34. Kc3 Qxc5+ 35. Kb3 Qe3+ 36. Rc3 Qxe4 37. Rxc8+ Kg7 38. Rc7+ Kg8 39. Qc2
Qg2 40. Qf5 1-0